| 000 | 00530nam a2200133Ia 4500 | ||
|---|---|---|---|
| 008 | 231129s9999||||xx |||||||||||||| ||spa|| | ||
| 020 | _a958-11-0474-7 | ||
| 040 | _bspa | ||
| 082 | _a378.861 I59e | ||
| 100 | _aInstituto Colombiano para el Fomento de la Educación Superior - ICFES | ||
| 245 | 0 | _aElementos de política para la educación superior colombiana: memorias de gestión y prospectiva | |
| 264 | _aBogotá Colombia : ICFES : Ministerio de Educación Nacional | ||
| 942 |
_2ddc _cBKS |
||
| 999 |
_c12773 _d12773 |
||